Länder mit Himmelsrichtungen - Statistiken

Allgemein
  • Dieses Quiz wurde 39 mal gespielt
  • Das Durchschnittsergebnis liegt bei 5 aus 6
Antwortstatistiken
Antwort % Korrekt
Nordkorea
94%
Südkorea
94%
Südafrika
89%
Südsudan
89%
Nordmazedonien
83%
Osttimor
69%
Keine übereinstimmenden Quizze gefunden
Verteilung der Resultate
Anzahl Personen mit jedem Resultat
Perzentil nach korrekt beantworteten Fragen
Ihre Resultats-Entwicklung
Sie haben dieses Quiz noch nicht gespielt